| 000 | 00000nam 2200000zi 4500 |
| 001 | 9.954327 |
| 003 | CaOODSP |
| 005 | 20250820132143 |
| 006 | m o d f |
| 007 | cr mn||||||||| |
| 008 | 250820e20250115onc obs f000 0 eng d |
| 040 | |aCaOODSP|beng|erda|cCaOODSP |
| 043 | |an-cn--- |
| 086 | 1 |aCS82-003/2025-1-2E-PDF |
| 100 | 1 |aCohen, Anaelle, |eauthor. |
| 245 | 10|aAre adolescents who do physical activity with their parents more active and mentally healthier? / |cby Anaelle Cohen, Justin J. Lang, Stephanie A. Prince, Rachel C. Colley, Mark S. Tremblay, and Jean-Philippe Chaput. |
| 264 | 1|a[Ottawa] : |bStatistics Canada = Statistique Canada, |cJanuary 15, 2025. |
| 264 | 4|c©2025 |
| 300 | |a1 online resource (pages 19-33). |
| 336 | |atext|btxt|2rdacontent |
| 337 | |acomputer|bc|2rdamedia |
| 338 | |aonline resource|bcr|2rdacarrier |
| 490 | 1 |aHealth reports, |x1209-1367 ; |vv. 36, no. 1, [2] |
| 500 | |aIssued also in French under title: Les adolescents qui font de l’activité physique avec leurs parents sont-ils plus actifs et ont-ils une meilleure santé mentale? |
| 504 | |aIncludes bibliographical references (pages 32-33). |
| 650 | 0|aTeenagers|xHealth and hygiene|zCanada|vStatistics. |
| 650 | 0|aExercise|xHealth aspects|zCanada|vStatistics. |
| 655 | 7|aStatistics|2lcgft |
| 710 | 2 |aStatistics Canada, |eissuing body. |
| 775 | 08|tLes adolescents qui font de l’activité physique avec leurs parents sont-ils plus actifs et ont-ils une meilleure santé mentale? / |w(CaOODSP)9.954329 |
| 830 | #0|aHealth reports (Series)|vv. 36, no. 1, [2].|w(CaOODSP)9.950253 |
| 856 | 40|qPDF|s498 KB|uhttps://publications.gc.ca/collections/collection_2025/statcan/82-003-x/CS82-003-2025-1-2-eng.pdf |
| 856 | 4 |qHTML|sN/A|uhttps://www150.statcan.gc.ca/n1/pub/82-003-x/2025001/article/00002-eng.htm |